Demo in der Kohlegrube - auf Tour bei Leipzig /
| Hlavní autor: | Dammann, Arwen |
|---|---|
| Jazyk: | Němčina |
| Vydáno: |
Stuttgart : Ernst Klett Sprachen, [2022] |
| Vydání: | 1. Auflage |
| Edice: |
Deutsch als Fremdsprache
Stadt - Land - Abenteuer. Lektüren für Jugendliche A2 |
| Témata: | |
| Externí odkaz: |
Mobilní aplikace ke stažení na
Audionahrávky a online cvičení na |
| Fyzický popis: |
56 stran : barevné ilustrace ; 21 cm |
| LEADER | 02113nam a2200553 i 4500 | ||
|---|---|---|---|
| 001 | 001875558 | ||
| 003 | CZ BrMZK | ||
| 005 | 20231115085426.0 | ||
| 007 | ta | ||
| 008 | 231102t20222022gw a g p 000 j ger | ||
| 020 | |a 978-3-12-674051-7 |q (brožováno) | ||
| 040 | |a BOA001 |b cze |e rda | ||
| 072 | 7 | |a 811.112.2 |x Němčina |2 Konspekt |9 11 | |
| 072 | 7 | |a 821.112.2-3 |x Německá próza, německy psaná |2 Konspekt |9 25 | |
| 080 | |a 821.112.2-32 |2 MRF | ||
| 080 | |a 811.112.2 |2 MRF | ||
| 080 | |a 028.4-028.31/.32 |2 MRF | ||
| 080 | |a (0:82-32) |2 MRF | ||
| 080 | |a (07.062)81 |2 MRF | ||
| 100 | 1 | |a Dammann, Arwen |7 ola20201079719 |4 aut | |
| 245 | 1 | 0 | |a Demo in der Kohlegrube - auf Tour bei Leipzig / |c Arwen Schnack |
| 246 | 3 | 0 | |a Auf Tour bei Leipzig |
| 250 | |a 1. Auflage | ||
| 264 | 1 | |a Stuttgart : |b Ernst Klett Sprachen, |c [2022] | |
| 264 | 4 | |c ©2022 | |
| 300 | |a 56 stran : |b barevné ilustrace ; |c 21 cm | ||
| 336 | |a text |b txt |2 rdacontent | ||
| 337 | |a bez média |b n |2 rdamedia | ||
| 338 | |a svazek |b nc |2 rdacarrier | ||
| 490 | 1 | |a Deutsch als Fremdsprache | |
| 490 | 1 | |a Stadt - Land - Abenteuer. Lektüren für Jugendliche A2 | |
| 500 | |a Na obálce označení: A2 | ||
| 650 | 0 | 7 | |a němčina |7 ph115512 |2 czenas |
| 650 | 0 | 7 | |a zjednodušená četba |7 ph656682 |2 czenas |
| 650 | 0 | 9 | |a German language |2 eczenas |
| 650 | 0 | 9 | |a simplified reading |2 eczenas |
| 653 | 0 | |a jazyková úroveň A2 | |
| 655 | 7 | |a německé příběhy |7 fd132944 |2 czenas | |
| 655 | 7 | |a jazykové učebnice, texty, příručky (A) |7 fd600889 |2 czenas | |
| 655 | 9 | |a German stories |2 eczenas | |
| 655 | 9 | |a language textbooks, texts, handbooks (A) |2 eczenas | |
| 830 | 0 | |a Deutsch als Fremdsprache | |
| 830 | 0 | |a Stadt - Land - Abenteuer. |p Lektüren für Jugendliche A2 | |
| 856 | 4 | 2 | |3 Mobilní aplikace ke stažení na |u http://www.klett-sprachen.de/augmented |
| 856 | 4 | 2 | |3 Audionahrávky a online cvičení na |u http://www.klett-sprachen.de |
| 910 | |a BOA001 |b NK-0008.397 | ||
| 990 | |a BK | ||
| 991 | |b 202311 |c NOV |x 44 | ||
| 996 | 7 | |b 261D010864 |c NK-0008.397 |l Německá knihovna/2.patro |r ZHR |n 2 |p dar |h D-vl A2 |w 001943924 |u 000010 |a 0 |e BOA001 |j MZK50 |s A | |
English
Čeština 